| 000 | 00508nam a2200181Ia 4500 | ||
|---|---|---|---|
| 999 |
_c3342 _d3342 |
||
| 003 | OSt | ||
| 005 | 20200820113408.0 | ||
| 008 | 190216s9999||||xx |||||||||||||| ||und|| | ||
| 020 | _a1403929165 | ||
| 040 | _coclc | ||
| 082 |
_a541 _bSIN/P |
||
| 100 |
_aSindhu, P S _94112 |
||
| 245 | 0 |
_aPracticals In Physical Chemistry : _bA Modern Approach / _cP S Sindhu |
|
| 260 |
_bMacmillan, _aDelhi: _c2006. |
||
| 300 | _a268p | ||
| 650 | _aChemistry | ||
| 942 |
_cBK _2ddc _h541 _iSIN/P _k541 _mSIN/P |
||